00851nam a22001457a 4500008004100000020001500041050001600056100002600072245005000098260005200148300005200200500002000252505040600272650002700678120627t xxu||||| |||| 00| 0 eng d a0132288346 aQA152.2.m36 aMartin-Gay, K. Elayn. aIntroductory algebra. /cGlayn K. Martin-Gay. aUpper Saddle,New Jersey:bPrentice Hall,c1999. axx, {R36}, 704 + various pagings:bill,;c24cm. aIncludes index. aContents: Prealgebra review -- Real numbers and introduction to algebra -- Equations, inequalities, and problem solving -- Exponents and polynominals -- Factoring polynomials -- Rational expressions -- Graphing equations and inequalities -- Systems of equations -- Roots and radicals -- Quadratic equations -- Appendices A-I: Answers to selected exercises A-17 -- Solutions to selected exercises A-47. aAlgebra x Textbooks.